| 000 | 00395nam a22001457a 4500 | ||
|---|---|---|---|
| 003 | OSt | ||
| 005 | 20160727222446.0 | ||
| 008 | 160704b xxu||||| |||| 00| 0 eng d | ||
| 040 | _cTEST | ||
| 100 |
_91938 _a Harbin, E.O |
||
| 245 | _aPhunology (1000 Games & Entertainment Plans) | ||
| 260 |
_aN.Y _b Abingdon _cMCMXXIII |
||
| 300 | _aPhunology (1000 Games & Entertainment Plans) | ||
| 942 |
_2ddc _cBK |
||
| 999 |
_c1639 _d1639 |
||